Statistics for Geography True/False

Click here to take the quiz!

General Stats

  • This quiz has been taken 149 times
  • The average score is 12 of 20

Answer Stats

QuestionAnswer% Correct
Canada is the world's largest country by areaFalse
86%
The Pyramids of Giza aren’t in the middle of the desertTrue
77%
Kansas City is in Missouri and KansasTrue
77%
Texas isn’t the largest stateTrue
77%
You can see Russia from the U.S.True
70%
Holland and the Netherlands are two separate thingsTrue
68%
Greenland is comparable in size to South America or AfricaFalse
67%
The United Kingdom and Great Britain are the same thingFalse
66%
Egypt has the largest pyramid in the worldFalse
65%
Florida Is the southernmost U.S. StateFalse
65%
Iceland is mostly made up of glaciersFalse
62%
Egypt is in Africa and AsiaTrue
61%
Afghanistan and Pakistan are Middle Eastern countriesFalse
57%
Antarctica doesn't have time zonesFalse
50%
The Great Wall of China is visible from space with the naked eyeFalse
48%
Florida Is the closest state to AfricaFalse
45%
Maine is the easternmost U.S. stateFalse
37%
Reno, Nevada is west of Los Angeles, CaliforniaTrue
37%
The Nile is the longest river in the worldFalse
31%
The Statue of Liberty is located in New YorkFalse
17%

Score Distribution

Percentile by Number Answered

Percent of People with Each Score

Your Score History

You have not taken this quiz